Normal view
MARC view
Entry Personal Name
001 - CONTROL NUMBER
- control field: 74037
003 - CONTROL NUMBER IDENTIFIER
- control field: dpl
005 - DATE AND TIME OF LATEST TRANSACTION
- control field: 20241122123930.0
008 - FIXED-LENGTH DATA ELEMENTS
- fixed length control field: 241122|| aca||aabn | a|a d
040 ## - CATALOGING SOURCE
- Original cataloging agency: dpl
- Transcribing agency: dpl
100 ## - HEADING--PERSONAL NAME
- Personal name: Kaler Gurjot Singh
670 ## - SOURCE DATA FOUND
- Source citation: Work cat.: (dpl)206826: Kaler Gurjot Singh , The Battle Of Longewala Grit Guts Glory:, 2023
